Tributación de la empresa agrícola en función de su tamaño con especial referencia a las cuatro provincias catalanas / (Record no. 64747)
[ view plain ]
| 000 -LEADER | |
|---|---|
| campo de control de longitud fija | 00702nam a2200181 i 4500 |
| 001 - NÚMERO DE CONTROL | |
| campo de control | 64747 |
| 003 - IDENTIFICADOR DE NÚMERO DE CONTROL | |
| campo de control | ES-MaACL |
| 005 - FECHA Y HORA DE LA ÚLTIMA TRANSACCIÓN | |
| campo de control | 20230906165212.0 |
| 007 - CAMPO FIJO DE DESCRIPCIÓN FÍSICA--INFORMACIÓN GENERAL | |
| campo de control de longitud fija | t| |
| 008 - DATOS DE LONGITUD FIJA--INFORMACIÓN GENERAL | |
| campo de control de longitud fija | 040105s1964 sp ||||1| spa d |
| 100 1# - ENTRADA PRINCIPAL--NOMBRE DE PERSONA | |
| Nombre de persona | Fornesa Ribo, Ricardo. |
| 9 (RLIN) | 51785 |
| 245 10 - MENCIÓN DEL TÍTULO | |
| Título | Tributación de la empresa agrícola en función de su tamaño con especial referencia a las cuatro provincias catalanas / |
| Mención de responsabilidad, etc. | por Ricardo Fornesa Ribo. |
| 260 ## - PUBLICACIÓN, DISTRIBUCIÓN, ETC. | |
| Lugar de publicación, distribución, etc. | Barcelona : |
| Nombre del editor, distribuidor, etc. | Sociedad de Estudios y Publicaciones, |
| Fecha de publicación, distribución, etc. | 1964. |
| 300 ## - DESCRIPCIÓN FÍSICA | |
| Extensión | 86 p. ; |
| Dimensiones | 23 cm. |
| 500 ## - NOTA GENERAL | |
| Nota general | Precede al tít.: Servicio de Estudios en Barcelona. Banco Urquijo. |
| 710 2# - ENTRADA AGREGADA--NOMBRE DE ENTIDAD CORPORATIVA | |
| Nombre de entidad corporativa o nombre de jurisdicción como elemento de entrada | Banco Urquijo. |
| Unidad subordinada | Servicio de Estudios. |
| 9 (RLIN) | 2139 |
| 852 ## - LOCALIZACIÓN | |
| Ubicación | ES-MaACL |
| Número de control de estantería | C-25828 |
| Sublocalización o colección | R.54624 |
| Estatus retirado | Estado de pérdida | Estado de daño | No para préstamo | Biblioteca de origen | Biblioteca actual | Ubicación en estantería | Fecha de adquisición | Fuente de adquisición | Total de préstamos | Signatura topográfica completa | Código de barras | Visto por última vez | Precio de reemplazo | Tipo de ítem Koha |
|---|---|---|---|---|---|---|---|---|---|---|---|---|---|---|
| Biblioteca del Ateneo de Madrid | Biblioteca del Ateneo de Madrid | Depósito 2 | 17/01/2008 | C-25828 | 1067843 | 23/02/2023 | 23/02/2023 | Libro impreso |
